Renne... ou Rennes? - Statistiques

Statistiques générales
  • Ce quiz a été pris 3 710 fois
  • Le résultat moyen est 9 sur 15
Statistiques - réponses
Question Réponse % Correct
Est réputé(e) pour ses galettes-saucisses Rennes
96%
Tire le traîneau du Père-Noël Renne
95%
Est dirigé(e) par Nathalie Appéré Rennes
95%
Peut être trouvé(e) au Canada Renne
94%
Est une station du métro parisien Rennes
81%
Connait les étés les plus chauds Rennes
81%
Est menacé(e) par le changement climatique Les deux
70%
A hérité son nom du peuple des Riedones Rennes
64%
Se prononce Karv erc'h en breton Renne
50%
Peut être monté(e) grâce au STAR Rennes
48%
A existé en même temps que le mammouth Renne
44%
A déjà enlevé le trophée de la Ligue 1 Aucun des deux
41%
A une population qui décroit Renne
39%
A la plus grande population Renne
30%
Dominait le pays nantais Les deux
6%
Aucun quiz correspondant
Distribution des résultats
% des personnes avec chaque résultat
Percentile par nombre de réponses
Votre historique - résultats
Vous n’avez pas pris ce quiz